Social change in southeast Asia/ (Record no. 9302)

MARC details
000 -LEADER
fixed length control field 00658nam a22002057a 4500
003 - CONTROL NUMBER IDENTIFIER
control field OSt
005 - DATE AND TIME OF LATEST TRANSACTION
control field 20240724123836.0
008 - FIXED-LENGTH DATA ELEMENTS--GENERAL INFORMATION
fixed length control field 240724b |||||||| |||| 00| 0 eng d
020 ## - INTERNATIONAL STANDARD BOOK NUMBER
International Standard Book Number 0-582-31734-7
040 ## - CATALOGING SOURCE
Original cataloging agency MUST
Transcribing agency MUST
Modifying agency MUST
082 ## - DEWEY DECIMAL CLASSIFICATION NUMBER
Edition number 22
Classification number 303.4
Item number SOC
100 ## - MAIN ENTRY--PERSONAL NAME
Personal name edited by schmidt Dragsbaek,Johannes...(etal...)
9 (RLIN) 19021
245 ## - TITLE STATEMENT
Title Social change in southeast Asia/
Statement of responsibility, etc. edited by Johannes Dragsbaek,schmidt, jacques Hersh and Niles Fold
260 ## - PUBLICATION, DISTRIBUTION, ETC. (IMPRINT)
Place of publication, distribution, etc. united kingdom
Name of publisher, distributor, etc. longman
Date of publication, distribution, etc. 1998
300 ## - PHYSICAL DESCRIPTION
Extent xv,239p. ;
Other physical details ill.
Dimensions 23cm.
504 ## - BIBLIOGRAPHY, ETC. NOTE
Bibliography, etc indexes included
650 ## - SUBJECT ADDED ENTRY--TOPICAL TERM
Topical term or geographic name as entry element social change
9 (RLIN) 7390
700 ## - ADDED ENTRY--PERSONAL NAME
Personal name Hersh Jacques
9 (RLIN) 17813
942 ## - ADDED ENTRY ELEMENTS (KOHA)
Source of classification or shelving scheme Dewey Decimal Classification
Koha item type Open Shelf
Holdings
Withdrawn status Lost status Source of classification or shelving scheme Damaged status Not for loan Home library Current library Date acquired Source of acquisition Inventory number Total Checkouts Full call number Barcode Date last seen Price effective from Koha item type
    Dewey Decimal Classification     MUST Main Library MUST Main Library 24/07/2024 Purchase 03/20049   303.4 SOC 2024-22209 24/07/2024 24/07/2024 Open Shelf